|
|
|
|
| LEADER |
00711nta a2200181 i 4500 |
| 001 |
dipl93075 |
| 005 |
20210527100309.0 |
| 008 |
201020s2017 hu om 0|| zxx d |
| 040 |
|
|
|a SZTE Diploma Repozitórium
|b hun
|
| 041 |
|
|
|a zxx
|
| 100 |
1 |
|
|a Szabados Andrea
|
| 245 |
1 |
0 |
|a Középiskolás diákok ismeretei a dohányzás káros hatásairól
|h [elektronikus dokumentum] /
|c Andrea Szabados
|
| 246 |
1 |
0 |
|a High school students knowledge on the effects of smoking
|h [elektronikus dokumentum]
|
| 260 |
|
|
|c 2017
|
| 650 |
|
4 |
|a Orvos- és egészségtudományok
|
| 650 |
|
4 |
|a Nursing
|
| 700 |
2 |
|
|a Bársonyné Kis Klára
|e ths
|
| 856 |
4 |
0 |
|u http://diploma.bibl.u-szeged.hu/id/eprint/93075/1/2017_szabados_andrea.pdf
|z Dokumentum-elérés
|